| 000 | 00594nam a2200205 i 4500 | ||
|---|---|---|---|
| 001 | bgj | ||
| 100 | 1 |
_aVOLTAIRE _d(1694-1778). |
|
| 245 | 1 | 0 |
_aCandid and Zadig / _cVoltaire ; introduction by Raymond R. Cannon. |
| 260 |
_aNew York : _bAirmont Publishing Company, Inc., _ccop. 1966. |
||
| 300 |
_a160 pp ; _c18 cm. |
||
| 490 | 1 | _aAn Airmont Classic | |
| 650 | 9 | _aFrench literature | |
| 650 | 9 | _aNon-English literature | |
| 700 | 1 | _aCANNON, Raymond R. | |
| 830 | _aAn Airmont Classic | ||
| 040 | _cBPK | ||
| 041 | 0 |
_aeng _hfre |
|
| 942 | _cKS | ||
| 008 | s uk f |000 0 eng | ||
| 999 |
_c48800 _d48800 |
||
| 856 |
_uhttp://koha.tu.koszalin.pl/cgi-bin/koha/opac-detail.pl?biblionumber=48800 _yKatalog online BPK |
||